000 00294nam a22001217a 4500
040 _cSK
082 _a616
100 _aព្រំ ដន
245 _aNon infectious disease; ជំងឺមិនឆ្លងសត្វ
260 _aRUA
_bព្រំ
_c2011
300 _a78p.
942 _cKB
999 _c8944
_d8944